00453nam a2200121Ia 4500008004100000020001800041100001700059245004400076260002200120650001700142650012700159856004500286171212s9999 xx 000 0 und d a9781925022049 aTarte, Daryl cTarte, DarylaFijibA Place called home bANU E Pressc2014 aAnthropology aTarte, Daryl; Fijian Australians -- Biography; Fiji -- Politics and government -- History; Fiji -- Social life and customs uhttp://www.jstor.org/stable/j.ctt13wwvb2